| 000 | 01153cam a2200289 a 4500 | ||
|---|---|---|---|
| 003 | EG-GiCUC | ||
| 005 | 20250223032113.0 | ||
| 008 | 181108s1996 ua h f m 000 0 eng d | ||
| 040 |
_aEG-GiCUC _beng _cEG-GiCUC |
||
| 041 | 0 | _aeng | |
| 049 | _aDeposite | ||
| 097 | _aM.Sc | ||
| 099 | _aCai01.11.20.M.Sc.1996.Mo.I | ||
| 100 | 0 | _aMohammed Abbas Hassan | |
| 245 | 1 | 0 |
_aIschaemic stroke in patients with atrial fibrillation / _cMohammed Abbas Hassan ; Supervised Mahmoud Mohammed Allam , Sadek Mohammed Helmy , Hassan Saad Hosny |
| 246 | 1 | 5 | _aالقصور الدموى فى السكتة الدماغية و علاقتها بالرجفان الاذينى القلبى |
| 260 |
_aCairo : _bMohammed Abbas Hassan , _c1996 |
||
| 300 |
_a99 Leaves : _bfacsimiles ; _c30cm |
||
| 502 | _aThesis (M.Sc.) - Cairo University - Faculty of Medicine - Department of Neurology | ||
| 700 | 0 |
_aHassan Saad Hosny , _eSupervisor |
|
| 700 | 0 |
_aMahmoud Mohammed Allam , _eSupervisor |
|
| 700 | 0 |
_aSadek Mohammed Helmy , _eSupervisor |
|
| 856 | _uhttp://172.23.153.220/th.pdf | ||
| 905 |
_aNazla _eRevisor |
||
| 905 |
_aSamia _eCataloger |
||
| 942 |
_2ddc _cTH |
||
| 999 |
_c68426 _d68426 |
||